<?xml version="1.0" encoding="UTF-8"?>
<collection xmlns="http://www.loc.gov/MARC21/slim">
  <record>
    <leader>00000nam  2200000   4500</leader>
    <controlfield tag="001">INLIS000000000020754</controlfield>
    <controlfield tag="005">20250805095824</controlfield>
    <datafield tag="035" ind1="#" ind2="#">
      <subfield code="a">0010-0825000032</subfield>
    </datafield>
    <controlfield tag="007">ta</controlfield>
    <controlfield tag="008">250805################|##########|#|##</controlfield>
    <datafield tag="084" ind1="#" ind2="#">
      <subfield code="a">R 0025 PKP 2024</subfield>
    </datafield>
    <datafield tag="100" ind1=" " ind2="#">
      <subfield code="a">Krisna Budiman</subfield>
    </datafield>
    <datafield tag="245" ind1="1" ind2="#">
      <subfield code="a">ECOTECH DIKLAT Desain Pelatihan JF Penata Kehakiman Berbasis Teknologi dan Ramah Lingkungan /</subfield>
      <subfield code="c">Krisna Budiman</subfield>
    </datafield>
    <datafield tag="260" ind1="#" ind2="#">
      <subfield code="a">Jakarta :</subfield>
      <subfield code="b">Pusbangkom Pimnas dan Manajerial ASN,</subfield>
      <subfield code="c">2024</subfield>
    </datafield>
    <datafield tag="300" ind1="#" ind2="#">
      <subfield code="a">34 hlm. ;</subfield>
      <subfield code="c">30 cm</subfield>
    </datafield>
    <datafield tag="650" ind1="#" ind2="4">
      <subfield code="a">Pelatihan ASN berbasis Digital</subfield>
    </datafield>
    <datafield tag="520" ind1="#" ind2="#">
      <subfield code="a">ECOTECH Diklat adalah desain penyelenggaraan pelatihan yang berkomitmen untuk mengoptimalkan penggunaan teknologi dan ramah lingkungan di keseluruhan tahapan proses penyelenggaraan pelatihan serta kegiatan lain di lingkungan unit pembina JFPK. Tujuannya meningkatkan efisisensi dan efektivitas penyelenggaraan pelatihan dan menyelaraskan budaya kerja yang adaptif dan agile terhadap perubahan teknologi dan ramah lingkungan.</subfield>
    </datafield>
    <datafield tag="990" ind1="#" ind2="#">
      <subfield code="a">2024/1.2.4/A/0025</subfield>
    </datafield>
  </record>
</collection>
